[Event "Bundesliga 2000-1"]
[Site "Wattenscheid GER"]
[Date "2001.01.07"]
[Round "5"]
[White "Thiel,T"]
[Black "Hennig,D"]
[Result "1-0"]
[WhiteElo "2301"]
[BlackElo "2442"]

1.e4 d6 2.d4 Nf6 3.Nc3 c6 4.f4 Qa5 5.e5 Ne4 6.Qf3 Nxc3 7.Bd2 Bf5 8.Bd3 Bxd3
9.cxd3 Qd5 10.bxc3 Qxf3 11.Nxf3 e6 12.O-O d5 13.g4 Nd7 14.f5 Be7 15.Bg5 h5
16.fxe6 fxe6 17.Bxe7 Kxe7 18.Nh4 Ke8 19.g5 Nf8 20.Rf4 Rd8 21.Raf1 Rd7 22.g6 b6
23.Kg2 Re7 24.Rf7 Rd7 25.Kg3 a5 26.Rxd7 Nxd7 27.Rf7 Rg8 28.Nf3 c5 29.Ng5 cxd4
30.cxd4 Nf8 31.Ra7 Rh8 32.Nf7 Rg8 33.a4 h4+ 34.Kg4  1-0

[Event "1st Integrata GM"]
[Site "Darmstadt GER"]
[Date "2001.01.11"]
[Round "6"]
[White "Grabarczyk,B"]
[Black "Galdunts,S"]
[Result "1-0"]
[WhiteElo "2432"]
[BlackElo "2495"]

1.e4 d6 2.d4 Nf6 3.Nc3 Nbd7 4.Nf3 e5 5.Bc4 Be7 6.O-O O-O 7.Re1 c6 8.a4 b6
9.d5 c5 10.a5 a6 11.axb6 Nxb6 12.Bf1 Ne8 13.Na4 Nd7 14.c3 Rb8 15.Bd2 g6 16.b4 cxb4
17.cxb4 f5 18.exf5 gxf5 19.Nb2 Nc7 20.Nc4 Bb7 21.Na5 Bxd5 22.Rc1 Nb6 23.Be3 Kh8
24.Qc2 Ne6 25.Nc6 Bxc6 26.Qxc6 f4 27.Bd2 Rg8 28.Nxe5 Ng5 29.Ng4 Rc8 30.Qb7 Rxc1
31.Bxc1 Bf6 32.Kh1 Bc3 33.Rd1 h5 34.Nh6 Rg7 35.Qc6 Be5 36.Nf5 Rg6 37.Bd3 Rf6
38.g3 d5 39.Qc2 d4 40.Bf1 Qd5+ 41.Bg2 f3 42.Bxg5 Rc6 43.Qd3 fxg2+ 44.Kg1 Bf6
45.Ne7 Bxe7 46.Bxe7 Nc4 47.Qxd4+ Qxd4 48.Rxd4  1-0

[Event "Anibal Open"]
[Site "Anibal Open ESP"]
[Date "2001.01.12"]
[Round "5"]
[White "Fernandez Romero,Ern"]
[Black "Motylev,A"]
[Result "0-1"]
[WhiteElo "2383"]
[BlackElo "2574"]

1.e4 d6 2.d4 Nf6 3.Nc3 c6 4.f4 Qa5 5.Bd3 e5 6.Nf3 exd4 7.Nxd4 g6 8.h3 Bg7
9.Nb3 Qc7 10.O-O O-O 11.Qf3 b5 12.a4 b4 13.Nd1 Bb7 14.a5 a6 15.g4 Nbd7 16.Ne3 Rae8
17.c3 c5 18.Nd2 c4 19.Bb1 Nc5 20.Nd5 Nxd5 21.exd5 bxc3 22.bxc3 Nb3 23.Nxb3 cxb3
24.Bd2 Qc5+ 25.Kh2 Bxd5 26.Qf2 Qb5  0-1

[Event "Czech Extra League 2000-1"]
[Site "CZE"]
[Date "2001.01.13"]
[Round "4"]
[White "Suran,J"]
[Black "Spacek,P"]
[Result "1-0"]
[WhiteElo "2352"]
[BlackElo "2390"]

1.e4 d6 2.d4 Nf6 3.Nc3 Nbd7 4.Nf3 e5 5.Bc4 Be7 6.O-O O-O 7.Qe2 c6 8.a4 exd4
9.Nxd4 Re8 10.Ba2 Bf8 11.Qf3 Ne5 12.Qd1 Ng6 13.Re1 Qb6 14.a5 Qb4 15.Bb3 d5
16.Ra4 Qe7 17.Bg5 h6 18.Bxf6 Qxf6 19.exd5 Bg4 20.f3 Bd7 21.Ne4 Qe5 22.dxc6 bxc6
23.Ra1 c5 24.Ne2 Rad8 25.Qd5 Qxd5 26.Bxd5 Bf5 27.Rad1 c4 28.Bxc4 Rxd1 29.Rxd1 Bxe4
30.fxe4 Rxe4 31.Nd4 Bb4 32.Bd5 Re5 33.Nc6 Bc5+ 34.Kh1 Re2 35.b4 Be3 36.c4 Nf4
37.Bf3 Rb2 38.h3 Bd2 39.b5 Nd3 40.Rxd2 Rxd2 41.Nxa7 h5 42.a6 g5 43.Nc6 g4
44.a7 Ra2 45.hxg4 hxg4 46.a8=Q+ Rxa8 47.Ne7+ Kf8 48.Ng6+ fxg6 49.Bxa8 Ke7
50.Kh2 Kd6 51.Kg3 Kc5 52.Bd5  1-0

[Event "Czech Extra League 2000-1"]
[Site "CZE"]
[Date "2001.01.13"]
[Round "4"]
[White "Macieja,B"]
[Black "Stocek,J"]
[Result "1-0"]
[WhiteElo "2578"]
[BlackElo "2537"]

1.e4 d6 2.d4 Nf6 3.Nc3 e5 4.Nf3 Nbd7 5.Bc4 Be7 6.O-O O-O 7.a4 c6 8.Re1 b6
9.b3 Bb7 10.Ba3 Re8 11.d5 c5 12.a5 a6 13.axb6 Nxb6 14.Bd3 g6 15.Nd2 Nh5 16.g3 Rf8
17.Qe2 Qc8 18.b4 cxb4 19.Bxb4 Kg7 20.Nb3 f5 21.f3 fxe4 22.fxe4 Nd7 23.Kg2 Ndf6
24.Na5 Qd7 25.Nxb7 Qxb7 26.Reb1 Qb6 27.Ba5 Qa7 28.Bb6 Qd7 29.Bxa6 Rf7 30.Bb5 Qc8
31.Bc6 Rxa1 32.Rxa1 Nf4+ 33.gxf4 Nh5 34.Be3 exf4 35.Bd4+ Kh6 36.Ra8 Qc7 37.Nb5 f3+
38.Qxf3  1-0

[Event "Czech Extra League 2000-1"]
[Site "CZE"]
[Date "2001.01.14"]
[Round "5"]
[White "Tallova,I"]
[Black "Simacek,P"]
[Result "1/2-1/2"]
[WhiteElo "2108"]
[BlackElo "2390"]

1.d4 Nf6 2.Nc3 d6 3.e4 e5 4.dxe5 dxe5 5.Qxd8+ Kxd8 6.Bg5 Be6 7.O-O-O+ Kc8
8.Nf3 Nbd7 9.a3 c6 10.Bh4 Kc7 11.Ng5 b5 12.Nxe6+ fxe6 13.f3 Bc5 14.Bg3 Nh5
15.Be1 a5 16.a4 b4 17.Nb1 Nb6 18.b3 g5 19.c3 g4 20.cxb4 axb4 21.fxg4 Nf6
22.Bg3 Be3+ 23.Nd2 Ra5 24.Bd3 Rd8 25.Kc2 Bxd2 26.Rxd2 Nxg4 27.Kb2 Ne3 28.Rc1 Nc8
29.Bf2 Nxg2 30.Rdc2 Ne7 31.Bb5 Nf4 32.Bc5 Neg6 33.Bxb4 Rxb5 34.Rxc6+ Kb7
35.axb5 Nd3+ 36.Kb1 Nxb4 37.Rxe6 Rd3 38.Kb2 Re3 39.Rc4 Nd3+ 40.Ka3 Re1 41.Ka2 Re2+
42.Ka1 Re1+ 43.Ka2 Re2+ 44.Ka3 Re1 45.b4 Ra1+ 46.Kb3 Rb1+ 47.Kc2 Rc1+ 48.Kb3 Rb1+
49.Kc2 Rc1+  1/2-1/2

[Event "XXVI Open"]
[Site "Seville ESP"]
[Date "2001.01.15"]
[Round "4"]
[White "Vera,R"]
[Black "Strikovic,A"]
[Result "1/2-1/2"]
[WhiteElo "2562"]
[BlackElo "2508"]

1.d4 d6 2.e4 Nf6 3.Nc3 e5 4.Nf3 Nbd7 5.g3 g6 6.Bg2 Bg7 7.O-O O-O 8.a4 a5
9.Re1 Re8 10.h3 c6 11.Be3 exd4 12.Nxd4 Nc5 13.f3 Bf8 14.Bf2 d5 15.exd5 Rxe1+
16.Qxe1 Nxd5 17.Nxd5 Qxd5 18.f4  1/2-1/2

[Event "Corus Reserve Gp"]
[Site "Wijk aan Zee NED"]
[Date "2001.01.16"]
[Round "1"]
[White "Bellin,R"]
[Black "Perez Garcia,H"]
[Result "1-0"]
[WhiteElo "2356"]
[BlackElo "2205"]


1.e4 d6 2.d4 Nf6 3.Nc3 e5 4.dxe5 dxe5 5.Qxd8+ Kxd8 6.Bc4 Be6 7.Bxe6 fxe6
8.f3 Bc5 9.Nh3 Nc6 10.Bd2 Ke7 11.Na4 Bd6 12.O-O-O h6 13.Be3 b6 14.c4 Nd7
15.Nf2 Na5 16.b3 c5 17.h4 Nc6 18.Nb2 Nf6 19.Nbd3 Rhf8 20.h5 Rad8 21.Rh4 Rf7
22.Ng4 Nd7 23.Rhh1 Rh8 24.Bf2 Bc7 25.Bg3 Rc8 26.Kb2 Ke8 27.Kb1 Bb8 28.Rd2 Bc7
29.a3 a5 30.Rhd1 Ra8 31.Ka2 Ra7 32.Rh1 Ra8 33.Rdd1 Ra7 34.Kb2 Bb8 35.Be1 Nf6
36.Rh4 Nxg4 37.Rxg4 Rfd7 38.Bc3 Rd8 39.Rg6 Re7 40.Kc2 Bc7 41.Nf2 Rxd1 42.Kxd1 Rd7+
43.Kc2 Kf7 44.Nd3 Rd8 45.Rg4 Nd4+ 46.Bxd4 Rxd4 47.a4 Kf6 48.Kd2 Rd8 49.Ke3 Kf7
50.Rg6 Rd7 51.g3 Rd8 52.Rg4 Rd7 53.f4 exf4+ 54.gxf4 Re7 55.Rg1 Re8 56.e5 Rd8
57.Nf2 Rd4 58.Ne4 Rd8 59.Nc3 Rd7 60.Nb5 Bb8 61.Ke2 Rd8 62.Rg6 Re8 63.Ke3 Rd8
64.f5 Bxe5 65.Rxe6 Re8 66.Rxb6 Bh2+ 67.Kf3 Re1 68.Nc3 Be5 69.Ne2 Rh1 70.Ke4 Bf6
71.Rb7+ Ke8 72.Nf4 Re1+ 73.Kf3 Rf1+ 74.Ke4 Re1+ 75.Kd5 Re5+ 76.Kd6 Rxf5 77.Ng6 Rxh5
78.Rb8+ Bd8 79.Nf4 Rh1 80.Ne6 Rd1+ 81.Kxc5 g5 82.Kc6 g4 83.c5 g3 84.Nxd8 Rxd8
85.Rxd8+ Kxd8 86.Kb7 g2 87.c6 g1=Q 88.c7+ Ke7 89.c8=Q Qg2+  1-0

[Event "ch-POL Boys U18"]
[Site "Zakopane POL"]
[Date "2001.01.16"]
[Round "1"]
[White "Tomczak,Raf"]
[Black "Szymanski,P"]
[Result "1-0"]
[WhiteElo "2314"]
[BlackElo "2108"]

1.e4 d6 2.d4 Nf6 3.Nc3 c6 4.f4 g6 5.Nf3 Bg7 6.Be2 O-O 7.O-O b5 8.e5 Nfd7
9.Ne4 Qc7 10.Qe1 Nb6 11.Qh4 f5 12.Neg5 h6 13.Nh3 Qd8 14.Qg3 Kh7 15.Re1 d5
16.e6 Qd6 17.Bd3 Rf6 18.Bd2 Nc4 19.Bxc4 bxc4 20.a3 a5 21.Re2 Bb7 22.Qe1 Qc7
23.Nf2 Na6 24.h4 h5 25.Nd1 a4 26.Qg3 Bc8 27.Nc3 Nb8 28.Rae1 Qb6 29.Nd1 Qc7
30.Kh1 Na6 31.Ne5 Rxe6 32.Nf2 Rf6 33.Nf3 Bf8 34.Nh3 Rb8 35.Bc3 Rb7 36.Nhg5+ Kg7
37.Ne6+ Bxe6 38.Rxe6 Qd7 39.Ng5 Nc7 40.R6e3 Ne8 41.Ne6+ Rxe6 42.Rxe6 Nf6
43.Qg5 Kf7 44.Bb4 Ra7 45.g4 fxg4 46.f5 gxf5 47.Rxf6+ exf6 48.Qxh5+ Kg7 49.Re8 Bxb4
50.Qh8+ Kg6 51.Rg8+ Kf7 52.Rg7+ Ke6 53.Qg8+ Kd6 54.Rxd7+ Rxd7 55.axb4 Re7
56.Qd8+ Ke6 57.h5  1-0

[Event "ch-POL Boys U18"]
[Site "Zakopane POL"]
[Date "2001.01.17"]
[Round "2"]
[White "Owczarzak,J"]
[Black "Krajewski,R"]
[Result "1-0"]
[WhiteElo "2311"]
[BlackElo "2083"]

1.e4 d6 2.d4 Nf6 3.Nc3 c6 4.Nf3 Bg4 5.h3 Bh5 6.Bd3 Nbd7 7.g4 Bg6 8.e5 Bxd3
9.Qxd3 Nd5 10.Nxd5 cxd5 11.exd6 e6 12.Bf4 Qb6 13.Qa3 Rc8 14.O-O-O Rc6 15.Rd3 a5
16.Rc3 Qd8 17.Rxc6 bxc6 18.Ne5 Nb8 19.Nd3 g5 20.Be5 f6 21.Bg3 Kf7 22.Re1 Bg7
23.Nc5 Re8 24.d7 Nxd7 25.Nb7 Qa8 26.Nd6+ Kg8 27.Nxe8 Qxe8 28.Qxa5 e5 29.Qc7  1-0

[Event "XXVI Open"]
[Site "Seville ESP"]
[Date "2001.01.18"]
[Round "7"]
[White "Durao,J"]
[Black "Romero Garcia,M"]
[Result "0-1"]
[WhiteElo "2116"]
[BlackElo "2184"]

1.e4 d6 2.d4 Nf6 3.Nc3 c6 4.f4 Qa5 5.Qd3 b5 6.Bd2 b4 7.Nce2 Ba6 8.Qf3 Qb6
9.O-O-O e6 10.g4 d5 11.e5 Ne4 12.Ng3 Nxd2 13.Rxd2 Qa5 14.Qb3 Bxf1 15.Nxf1 Nd7
16.f5 c5 17.fxe6 fxe6 18.Kb1 Be7 19.Nh3 O-O 20.Rd1 cxd4 21.Qg3 Nc5 22.Nd2 Qb5
23.Nb3 Ne4 24.Qd3 Qxd3 25.cxd3 Nc5 26.Nxd4 Rf7 27.Rhg1 Bh4 28.g5 g6 29.Rg2 Raf8
30.Rg4 Bf2 31.Nxf2 Rxf2 32.Nc6 Rxh2 33.Rxb4 Nxd3 34.Rb7 Rff2 35.Nxa7 Nxb2
36.Re1 Nc4 37.Nc6 Na3+  0-1

[Event "Tch-AUT 2000-01"]
[Site "Graz AUT"]
[Date "2001.01.19"]
[Round "6"]
[White "Hertneck,G"]
[Black "Hickl,J"]
[Result "1/2-1/2"]
[WhiteElo "2568"]
[BlackElo "2582"]

1.e4 d6 2.d4 Nf6 3.Nc3 e5 4.dxe5 dxe5 5.Qxd8+ Kxd8 6.Bc4 Be6 7.Bxe6 fxe6
8.Nge2 a6 9.Be3 Ng4 10.Bg5+ Be7 11.Rd1+ Nd7 12.Bxe7+ Kxe7 13.Nc1 b5 14.Rd2 Ngf6
15.f3 c5 16.Nd1 Nb6 17.Ne3 c4 18.c3 Rhd8 19.Ke2 Na4 20.Rhd1 Rxd2+ 21.Rxd2 Rc8  1/2-1/2

[Event "Tch-AUT 2000-01"]
[Site "Graz AUT"]
[Date "2001.01.20"]
[Round "7"]
[White "Watzka,H"]
[Black "Vokroj,R"]
[Result "0-1"]
[WhiteElo "2367"]
[BlackElo "2330"]

1.e4 d6 2.d4 Nf6 3.Nc3 Nbd7 4.Nf3 e5 5.Bc4 Be7 6.O-O O-O 7.a4 c6 8.Qe2 b6
9.d5 Bb7 10.Rd1 cxd5 11.Nxd5 Nxd5 12.Bxd5 Bxd5 13.Rxd5 Qc8 14.c3 Qc6 15.Nd2 f5
16.Rb5 a6 17.Rb4 fxe4 18.Rxe4 d5 19.Re3 Bc5 20.Nf1 Bxe3 21.Bxe3 Nc5 22.Qg4 Rad8
23.Ng3 Qd7 24.Qb4 Rb8 25.Qh4 Nd3 26.Rb1 Nf4 27.Qg5 Ng6 28.b3 Qe7 29.Qh5 Nf4
30.Qd1 Qb7 31.f3 Ne6 32.Qd2 Rbd8 33.Bf2 Nc5 34.Re1 Rfe8 35.Qc2 Qc6 36.h4 Qf6
37.h5 Rc8 38.Qd1 Red8 39.b4 Ne6 40.Bxb6 Rd6 41.Bf2 Nf4 42.Qd2 Qg5 43.Qe3 d4
44.cxd4 exd4 45.Qb3+ Qd5 46.Qd1 d3 47.Qd2 Nxh5 48.Ne4 Rg6 49.Qe3 Rf8 50.Qc5 Qxc5
51.Bxc5 Rd8 52.Kf2 Nf4 53.g3 d2 54.Rd1 Nd3+ 55.Ke2 Nc1+ 56.Kf2 Nb3 57.Be3 Rc6
58.b5 axb5 59.axb5 Rc1 60.Ke2 Nd4+ 61.Bxd4 Rxd4 62.b6 Rxd1 63.Kxd1 Rb4 64.Kxd2 Rxb6
65.Ke3 Kf7 66.Kf4 Rb3 67.Kg4 Rb4 68.Kf5 g6+ 69.Kg5 Kg7 70.Kf4 h6 71.Ke5 Kf7
72.g4 Ke7 73.f4 h5 74.gxh5 gxh5 75.f5 h4  0-1

[Event "Tch-AUT 2000-01"]
[Site "Graz AUT"]
[Date "2001.01.20"]
[Round "7"]
[White "Kindermann,S"]
[Black "Hangweyrer,M"]
[Result "1-0"]
[WhiteElo "2522"]
[BlackElo "2341"]

1.e4 d6 2.d4 Nf6 3.Nc3 Nbd7 4.Nf3 e5 5.Bc4 Be7 6.O-O O-O 7.a4 c6 8.Qe2 Qc7
9.Rd1 h6 10.h3 a5 11.Be3 Re8 12.Ba2 Nf8 13.Nh4 Be6 14.Bxe6 Nxe6 15.d5 Nd4
16.Bxd4 exd4 17.Rxd4 cxd5 18.exd5 Qb6 19.Nb5 Nxd5 20.Re4 Nf4 21.Rxf4 Bxh4
22.Qc4 Bf6 23.Qc7 Qa6 24.Rxf6 gxf6 25.Nxd6 Rf8 26.Nf5  1-0

[Event "Corus Reserve Gp"]
[Site "Wijk aan Zee NED"]
[Date "2001.01.20"]
[Round "4"]
[White "Stellwagen,D"]
[Black "Rebers,E"]
[Result "1/2-1/2"]
[WhiteElo "2276"]
[BlackElo "2312"]


1.e4 d6 2.d4 Nf6 3.Nc3 e5 4.Nf3 Nbd7 5.Bc4 Be7 6.O-O O-O 7.Re1 c6 8.a4 b6
9.Ba2 a6 10.Nh4 Nxe4 11.Nxe4 Bxh4 12.Nxd6 Bxf2+ 13.Kxf2 Qf6+ 14.Kg1 Qxd6
15.dxe5 Qxd1 16.Rxd1 Nxe5 17.Be3 b5 18.Bd4 Nc4 19.b3 Na5 20.Bb6 Nb7 21.b4 Be6
22.axb5 axb5 23.Bxe6 Rxa1 24.Bxf7+ Rxf7 25.Rxa1 Rd7 26.Ra8+ Kf7 27.Rc8 Nd6
28.Rxc6 Nc4 29.Bc5 g5 30.h4 g4 31.Kh2 h5 32.Rh6 Rd5 33.Rh7+ Kg6 34.Rb7 Nd2
35.Rxb5 Ne4 36.g3 Rd2+ 37.Kg1 Rd1+ 38.Kg2 Rd2+ 39.Kg1 Rd1+  1/2-1/2

[Event "Belgian Interteams 2000-1"]
[Site "BEL"]
[Date "2001.01.21"]
[Round "7"]
[White "Motwani,P"]
[Black "Van Houtte,T"]
[Result "1-0"]
[WhiteElo "2464"]
[BlackElo "2229"]

1.e4 d6 2.d4 Nf6 3.Nc3 e5 4.Nf3 Nbd7 5.a4 c6 6.Bc4 Be7 7.a5 O-O 8.O-O Rb8
9.Qe2 exd4 10.Nxd4 Ne5 11.Bf4 Nxc4 12.Qxc4 Nh5 13.Be3 c5 14.Nde2 Be6 15.Qd3 a6
16.Rfd1 Qc8 17.Nf4 Nxf4 18.Bxf4 Rd8 19.Qg3 Qc6 20.Nd5 Bxd5 21.Rxd5 Rd7 22.Rad1 Rbd8
23.b3 Bf8 24.Qd3 f6 25.f3 Qb5 26.Qc3 Kf7 27.R1d3 Qb4 28.Qa1 Qb5 29.c4 Qc6
30.Qd1 Ke8 31.Be3 Qc7 32.f4 g6 33.f5 Re7 34.Bxc5 Rxe4 35.Bb6 Qe7 36.Bxd8 Qxd8
37.Qf3 Qe7 38.h3 Re1+ 39.Kh2 Bh6 40.Rxd6 Qe5+ 41.Qg3 gxf5 42.Rd8+ Ke7 43.R8d7+ Ke8
44.Rd8+ Ke7 45.R3d7+ Ke6 46.Rd6+ Ke7 47.R6d7+ Ke6 48.Re8+ Kxd7 49.Rxe5 Rxe5
50.Qh4 Bf8 51.Qxh7+ Kc6 52.Qf7 Bd6 53.Kg1  1-0

[Event "Belgian Interteams 2000-1"]
[Site "BEL"]
[Date "2001.01.21"]
[Round "7"]
[White "Gulbas,C"]
[Black "Mauquoy,A"]
[Result "1-0"]
[WhiteElo "2293"]
[BlackElo "2144"]

1.e4 d6 2.d4 Nf6 3.Nc3 Nbd7 4.Be3 e5 5.f3 Be7 6.g4 O-O 7.Nge2 c6 8.Ng3 exd4
9.Bxd4 Ne5 10.g5 Ne8 11.f4 Ng6 12.Be3 d5 13.exd5 Bb4 14.Qd4 Bxc3+ 15.Qxc3 cxd5
16.O-O-O Bg4 17.Rd4 Bf3 18.Rg1 Nd6 19.f5 Rc8 20.Qb3 Ne7 21.Rf4 Be4 22.Nxe4 Nxe4
23.Bh3 Rc6 24.f6 Ng6 25.fxg7 Kxg7 26.Rf5 Rd6 27.Rgf1 b6 28.Bg2 Nh4 29.Bd4+ Kg8
30.Bxe4 Nxf5 31.Bxf5 Qxg5+ 32.Kb1 Re8 33.a3 Qd2 34.Qg3+  1-0

[Event "Tch-AUT 2000-01"]
[Site "Graz AUT"]
[Date "2001.01.21"]
[Round "8"]
[White "Vokroj,R"]
[Black "Moser,E"]
[Result "1/2-1/2"]
[WhiteElo "2330"]
[BlackElo "2309"]

1.e4 d6 2.d4 Nf6 3.Nc3 e5 4.dxe5 dxe5 5.Qxd8+ Kxd8 6.Be3 Be6 7.Nf3 Ng4 8.Bg5+ f6
9.Bh4 Nd7 10.h3 Nh6 11.Nd2 Bb4 12.Nd1 c6 13.c3 Be7 14.Ne3 Kc7 15.Bc4 Bxc4
16.Ndxc4 Nc5 17.f3 b5 18.Na5 Nd3+ 19.Ke2 Nxb2 20.Rab1 Na4 21.Rhc1 Rhd8 22.Be1 Rab8
23.c4 b4 24.Nc2 Nc3+ 25.Bxc3 bxc3 26.Rxb8 Rxb8 27.Nb3 a5 28.Nxa5 Ra8  1/2-1/2

[Event "Tch-AUT 2000-01"]
[Site "Graz AUT"]
[Date "2001.01.21"]
[Round "8"]
[White "Lendwai,R"]
[Black "Hangweyrer,M"]
[Result "1/2-1/2"]
[WhiteElo "2378"]
[BlackElo "2341"]

1.e4 d6 2.d4 Nf6 3.Nc3 Nbd7 4.Nf3 e5 5.Bc4 Be7 6.O-O O-O 7.Re1 c6 8.a4 b6
9.b3 a6 10.Bb2 Bb7 11.Bd3 Re8 12.Ne2 Bf8 13.Ng3 Qc7 14.c4 g6 15.Qd2 Bg7 16.Rac1 a5
17.Bc2 Rad8 18.Rcd1 exd4 19.Nxd4 Nc5 20.Qc1 Ncd7 21.Ndf5 gxf5 22.Nxf5 Re5  1/2-1/2

[Event "Corus Reserve Gp"]
[Site "Wijk aan Zee NED"]
[Date "2001.01.22"]
[Round "6"]
[White "Velcheva,M"]
[Black "Popov,L"]
[Result "1/2-1/2"]
[WhiteElo "2273"]
[BlackElo "2347"]


1.e4 d6 2.d4 Nf6 3.Nc3 c6 4.f4 g6 5.Nf3 Bg4 6.Be3 Bg7 7.Bd3 Nbd7 8.h3 Bxf3
9.Qxf3 e5 10.dxe5 dxe5 11.f5 Qa5 12.O-O Bf8 13.a3 Bc5 14.Bxc5 Qxc5+ 15.Kh1  1/2-1/2

[Event "ch-POL Boys U18"]
[Site "Zakopane POL"]
[Date "2001.01.22"]
[Round "7"]
[White "Debowiak,M"]
[Black "Krajewski,R"]
[Result "1/2-1/2"]
[WhiteElo "2143"]
[BlackElo "2083"]

1.e4 d6 2.d4 Nf6 3.Nc3 c6 4.f3 Qb6 5.a3 Nbd7 6.Be3 e5 7.Qd2 Qc7 8.O-O-O b5
9.d5 a6 10.dxc6 Qxc6 11.g4 Nb6 12.Bxb6 Qxb6 13.g5 Nd7 14.Nd5 Qc5 15.Qa5 Ra7
16.Ne2 Nb8 17.Rd3 Be6 18.Qd2 Bxd5 19.exd5 Qb6 20.f4 Nd7 21.Rc3 Rc7 22.Bh3 f6
23.Bxd7+ Kxd7 24.fxe5 dxe5 25.Rf1 b4 26.Rxc7+ Kxc7 27.axb4 Bxb4 28.Qd3 Be7
29.gxf6 gxf6 30.Ng3 Kd7 31.Ne4 Rf8 32.d6 Bd8 33.Qc4 Qb5 34.Nc5+ Kc6 35.Qxb5+ axb5
36.Ne6 Re8 37.Nxd8+ Rxd8 38.Rxf6 Rxd6 39.Rxd6+ Kxd6 40.Kd2 Kd5 41.Ke3 e4  1/2-1/2

[Event "Corus Reserve Gp"]
[Site "Wijk aan Zee NED"]
[Date "2001.01.23"]
[Round "7"]
[White "Wunnink,M"]
[Black "Rebers,E"]
[Result "1/2-1/2"]
[WhiteElo "2210"]
[BlackElo "2312"]


1.d4 d6 2.e4 Nf6 3.Nc3 e5 4.Nf3 Nbd7 5.Bc4 Be7 6.O-O O-O 7.Re1 c6 8.a4 b6
9.d5 c5 10.Bf1 a6 11.Nd2 Ne8 12.g3 g6 13.Nc4 Ndf6 14.f4 exf4 15.Bxf4 Nh5
16.Bh6 Nhg7 17.e5 f5 18.Qe2 dxe5 19.Nxe5 Bd6 20.Bg2 Qf6 21.Nc4 Rb8 22.Nxd6 Nxd6
23.Bf4 g5 24.Be5 Qg6 25.Bxd6 Qxd6 26.Qe7 Rf6 27.Re5 Rb7 28.Qxd6 Rxd6 29.Rae1 Rf7
30.g4 h6 31.gxf5 Bxf5 32.Bf1 Bxc2 33.Bxa6 Nf5 34.Nb5 Rd8 35.Nc3 Kg7 36.Re8 Rd6
37.Bc8 Nd4 38.Bg4 Nf3+ 39.Bxf3 Rxf3 40.R1e6 Rf6 41.Rxd6 Rxd6 42.Re2 Bb3 43.Re3 Bc4
44.b3 Ba6 45.Re7+ Kg6 46.Kf2 Bc8 47.Rc7 Bd7 48.a5 bxa5 49.Rxc5 Rb6 50.Rxa5 Rxb3
51.Ra6+ Kf5 52.Ne2 Rh3 53.Kg2 Ke5 54.Ng1 Rd3 55.Nf3+ Kxd5 56.Rxh6 g4  1/2-1/2

[Event "Open"]
[Site "Ubeda ESP"]
[Date "2001.01.24"]
[Round "4"]
[White "Arencibia,W"]
[Black "Janev,E"]
[Result "1-0"]
[WhiteElo "2534"]
[BlackElo "2445"]

1.e4 d6 2.d4 Nf6 3.Nc3 Nbd7 4.Be3 e5 5.f3 c6 6.Qd2 Be7 7.Nge2 h5 8.O-O-O Qc7
9.Kb1 a6 10.Ng3 g6 11.h4 b5 12.Bg5 Bb7 13.Be2 O-O-O 14.a3 Nf8 15.d5 c5 16.Na2 Ne8
17.Bxe7 Qxe7 18.c4 bxc4 19.Bxc4 Kb8 20.Ka1 Qc7 21.Rb1 Nd7 22.Rhc1 Ka7 23.b4 Nef6
24.Nf1 Rb8 25.Ne3 Rhc8 26.Bf1 Nb6 27.b5 Ra8 28.Qa5 Rcb8 29.Nb4 Rc8 30.bxa6 Qd8
31.axb7+  1-0

[Event "4NCL"]
[Site "Birmingham ENG"]
[Date "2001.01.28"]
[Round "6"]
[White "Deveraux,M"]
[Black "Wade,R"]
[Result "1-0"]
[WhiteElo "2269"]
[BlackElo "2213"]

1.e4 d6 2.d4 Nf6 3.Nc3 c6 4.f4 Qa5 5.e5 Ne4 6.Qf3 Nxc3 7.Bd2 Qd5 8.bxc3 g6
9.Qxd5 cxd5 10.c4 Be6 11.cxd5 Bxd5 12.c4 Be4 13.Kf2 dxe5 14.fxe5 Bg7 15.Re1 Bf5
16.h3 h5 17.Nf3 Nd7 18.Nh4 O-O-O 19.Nxf5 gxf5 20.Bc3 e6 21.Be2 f6 22.exf6 Bxf6
23.Bf3 Nc5 24.dxc5 Bxc3 25.Rxe6 Bd4+ 26.Ke2 Bxc5 27.Rb1 Rhe8 28.Rxe8 Rxe8+
29.Kd2 h4 30.Rxb7 Re7 31.Rb5 Re5 32.Bd5 Be3+ 33.Kd3 Kc7 34.Rb7+ Kd6 35.Ke2 Bc5+
36.Kf3 Re3+ 37.Kf4 Re2 38.Rh7 Bf2 39.Rh6+ Kc5 40.Ra6 Re7 41.Kxf5 Rg7 42.a3 Kd4
43.Kf6 Rc7 44.Kg6 Kc5 45.Rf6 Bg3 46.Rf5 Kd4 47.Rg5 Bf2 48.g4 hxg3 49.h4 Rd7
50.h5 Rd6+ 51.Kf7 Ke3 52.c5 Rd7+ 53.Ke6 Rh7 54.c6 Kf4 55.Rf5+ Kg4 56.Bf3+ Kh4
57.Rf7 Rh6+ 58.Kd7 Bc5 59.c7 Rd6+ 60.Ke8 Re6+ 61.Kd8 Rd6+ 62.Rd7 Rg6 63.c8=Q  1-0

[Event "Open"]
[Site "Ubeda ESP"]
[Date "2001.01.30"]
[Round "10"]
[White "Turov,M"]
[Black "Rivas Pastor,M"]
[Result "1-0"]
[WhiteElo "2546"]
[BlackElo "2425"]

1.e4 d6 2.d4 Nf6 3.Nc3 c6 4.f4 Qb6 5.e5 Nd5 6.Nxd5 cxd5 7.Bd3 g6 8.c3 Nc6
9.Qf3 e6 10.Qe2 h5 11.Nf3 Bd7 12.Be3 Rc8 13.O-O Ne7 14.Bf2 Nf5 15.g3 Be7
16.h3 dxe5 17.fxe5 a6 18.a4 Qd8 19.Kg2 g5 20.g4 Nh4+ 21.Nxh4 gxh4 22.gxh5 Bg5
23.Kh1 f5 24.exf6  1-0

[Event "6th HIT Open"]
[Site "Nova Gorica SLO"]
[Date "2001.02.02"]
[Round "9"]
[White "Djurkovic,M"]
[Black "Krstic,U"]
[Result "0-1"]
[WhiteElo "2140"]
[BlackElo "2325"]

1.d4 d6 2.e4 Nf6 3.Nc3 Nbd7 4.Nge2 c6 5.a4 e5 6.g3 Be7 7.Bg2 O-O 8.h3 Re8
9.O-O Bf8 10.Re1 a5 11.Be3 exd4 12.Bxd4 Nc5 13.Nf4 Nfd7 14.Qd2 Ne5 15.Rad1 Qb6
16.b3 Qb4 17.Nh5 Bxh3 18.Bxe5 Rxe5 19.Nxg7 Bxg7 20.Bxh3 Rh5 21.Bf5 Bxc3 22.Qe2 Rg5
23.Qe3 Rg7 24.Rf1 Ne6 25.Kg2 Re8 26.Rd3 d5 27.Rh1 Nf8 28.f3 Bf6  0-1

[Event "TCh-FRA"]
[Site "Bischwiller FRA"]
[Date "2001.02.03"]
[Round "2"]
[White "Leclair,M"]
[Black "Franc,N"]
[Result "0-1"]
[WhiteElo "2032"]
[BlackElo "2130"]

1.e4 d6 2.d4 Nf6 3.Nc3 Nbd7 4.Nf3 e5 5.Be2 Be7 6.O-O O-O 7.h3 c6 8.a4 b6
9.Be3 Bb7 10.Bd3 a6 11.Ne2 Re8 12.c3 Qc7 13.Qb3 Bf8 14.dxe5 dxe5 15.a5 b5
16.Qc2 Nc5 17.b4 Nxd3 18.Qxd3 c5 19.Bxc5 Bxc5 20.bxc5 Nxe4 21.Ng3 Nxg3 22.fxg3 e4
23.Qd6 Qxd6 24.cxd6 exf3 25.Rad1 Rad8 26.gxf3 Re6 27.Rfe1 Bxf3 28.Rxe6 fxe6
29.Rd3 Bd5 30.Kf2 Rxd6 31.Ke3 Rc6 32.Kd2 Rc4 33.Ke3 Ra4  0-1

[Event "Belgian Interteams 2000-1"]
[Site "BEL"]
[Date "2001.02.04"]
[Round "8"]
[White "Sielecki,C"]
[Black "Beeckmans,F"]
[Result "1-0"]
[WhiteElo "2410"]
[BlackElo "2293"]

1.d4 d6 2.e4 c6 3.Nc3 Nf6 4.f4 Qa5 5.Bd3 e5 6.Nf3 Nbd7 7.O-O Be7 8.Kh1 O-O
9.Ne2 Re8 10.c3 Bf8 11.Ng3 c5 12.b4 cxb4 13.Qb3 exd4 14.cxb4 Qc7 15.Bb2 Nb6
16.Nxd4 Qd8 17.e5 Ng4 18.Rae1 Bd7 19.e6 fxe6 20.Bf5 Ba4 21.Bxe6+ Kh8 22.Qf3 Nf6
23.Nh5 Nxh5 24.Qxh5 Be7 25.Bf7 Bf6 26.b5 Re7 27.Bg6 h6 28.Ne6 Rxe6 29.Rxe6 Bxb2
30.Re8+ Qxe8 31.Bxe8 Rc8 32.f5 Bc2 33.Qf7  1-0

[Event "TCh-FRA"]
[Site "Bischwiller FRA"]
[Date "2001.02.04"]
[Round "3"]
[White "Grill,M"]
[Black "Werner,Cle"]
[Result "0-1"]
[WhiteElo "2200"]
[BlackElo "2347"]

1.e4 d6 2.d4 Nf6 3.Nc3 e5 4.Nf3 Nbd7 5.Bc4 Be7 6.O-O O-O 7.h3 c6 8.a4 a5
9.Re1 h6 10.Be3 Nh7 11.Qd2 Ng5 12.Nxg5 hxg5 13.Ne2 Bf6 14.c3 Re8 15.Ng3 g6
16.Rad1 Qe7 17.f3 Kg7 18.Nf1 Nf8 19.Nh2 Ne6 20.d5 cxd5 21.Qxd5 Qc7 22.Bb5 Rd8
23.Qc4 Qb8 24.Bb6 Rh8 25.Ng4 Be7 26.Ne3 Nf4 27.Qc7 Qxc7 28.Bxc7 Bxh3 29.gxh3 Nxh3+
30.Kf1 Nf4 31.Ng4 Rh3 32.Be2 Rah8 33.Bxd6 Bxd6 34.Nf2 Bc5  0-1

[Event "12th Goodricke Open"]
[Site "Calcutta IND"]
[Date "2001.02.07"]
[Round "2"]
[White "Dworakowska,J"]
[Black "Brauer,C"]
[Result "1-0"]
[WhiteElo "2354"]
[BlackElo "2153"]

1.e4 d6 2.d4 Nf6 3.Nc3 c6 4.f4 d5 5.e5 Ng8 6.Be3 g6 7.Nf3 Bg4 8.h3 Bxf3 9.Qxf3 e6
10.g4 h5 11.Bd3 Qb6 12.O-O-O Nd7 13.f5 gxf5 14.gxf5 O-O-O 15.Ne2 Bh6 16.Bxh6 Nxh6
17.f6 c5 18.c3 cxd4 19.cxd4 Kb8 20.Kb1 Qb4 21.a3 Qb3 22.Rc1 Rc8 23.Rxc8+ Rxc8
24.Rc1 Nb6 25.Rxc8+ Kxc8 26.Nc1 Qa4 27.Qxh5  1-0

[Event "ch-ROM Women"]
[Site "Baile Tusnad ROM"]
[Date "2001.02.08"]
[Round "2"]
[White "Jicman,L"]
[Black "Duminica,M"]
[Result "1-0"]
[WhiteElo "2231"]
[BlackElo "2073"]

1.e4 d6 2.d4 Nf6 3.Nc3 Nbd7 4.Be3 c6 5.a4 e5 6.f3 Be7 7.Nge2 Nf8 8.Qd2 Qa5
9.Nc1 exd4 10.Bxd4 Be6 11.Be2 O-O-O 12.b4 Qc7 13.a5 c5 14.Be3 Ng6 15.O-O d5
16.Nb5 Qe5 17.Nd3 Qb8 18.e5 d4 19.Bf2 Nd7 20.bxc5 Nxc5 21.Bg3 a6 22.Nd6+ Bxd6
23.exd6 Nd7 24.Rab1 Qa7 25.Qb4 Nge5 26.Nxe5 Nxe5 27.Bxe5  1-0

[Event "1st Mario Covas"]
[Site "Santos BRA"]
[Date "2001.02.08"]
[Round "11"]
[White "Matsuura,E"]
[Black "Hoffman,A"]
[Result "1/2-1/2"]
[WhiteElo "2452"]
[BlackElo "2473"]

1.e4 d6 2.d4 Nf6 3.Nc3 e5 4.dxe5 dxe5 5.Qxd8+ Kxd8 6.Bg5 Be6 7.O-O-O+ Nd7
8.f4 exf4 9.Nf3 h6 10.Bxf4 a6 11.e5 Ng4 12.Ne4 g5 13.h3 gxf4 14.hxg4 Bg7
15.Nf6 Ke7 16.Nd5+ Bxd5 17.Rxd5 Rad8  1/2-1/2

[Event "ch-Pol u20"]
[Site "Brzeg Dolny POL"]
[Date "2001.02.10"]
[Round "4"]
[White "Mista,A"]
[Black "Wisniewski,Adr"]
[Result "1-0"]
[WhiteElo "2432"]
[BlackElo "2292"]

1.e4 d6 2.d4 Nf6 3.Nc3 c6 4.f4 Qa5 5.Bd3 e5 6.Nf3 Bg4 7.Be3 Nbd7 8.O-O Be7
9.h3 Bxf3 10.Qxf3 h5 11.a3 h4 12.Ne2 Nf8 13.c4 Qc7 14.b4 Ne6 15.fxe5 dxe5
16.d5 Nf8 17.c5 Bd8 18.Nc3 Ng6 19.Bc4 O-O 20.Ra2 Qc8 21.d6 b5 22.Bb3 a5 23.Raf2 axb4
24.axb4 Ra3 25.Qd1 Ra7 26.Rf5 Nf4 27.Bxf4  1-0